Statistics for Countries that border Chad

Click here to take the quiz!

General Stats

  • This quiz has been taken 15 times
  • The average score is 6 of 6

Answer Stats

Answer% Correct
Libya
100%
Niger
100%
Nigeria
100%
Sudan
100%
Cameroon
87%
C.A.R
80%

Score Distribution

Percentile by Number Answered

Percent of People with Each Score

Your Score History

You have not taken this quiz